Summoners War - Monstres 5 ★ - Statistiques

Statistiques générales
  • Ce quiz a été pris 65 fois
  • Le résultat moyen est 87 sur 270
Statistiques - réponses
Monstre Nom % Correct
★★★★★ Valkyrie Vanessa
100%
★★★★★ Dragon Zaiross
91%
★★★★★ Fille occulte Rica
87%
★★★★★ Oracle Juno
85%
★★★★★ Chimère Rakan
83%
★★★★★ Chevalier dragon Laika
81%
★★★★★ Phénix Perna
79%
★★★★★ Valkyrie Camille
74%
★★★★★ Pionnier Chiwu
74%
★★★★★ Empereur de la mer Poseidon
74%
★★★★★ Archange Velajuel
74%
★★★★★ Empereur de la mer Okeanos
72%
★★★★★ Dragon Verad
72%
★★★★★ Chevalier dragon Leo
68%
★★★★★ Phénix Sigmarus
68%
★★★★★ Ifrit Tesarion
66%
★★★★★ Archange Ariel
64%
★★★★★ Démon Bael
64%
★★★★★ Ifrit Veromos
64%
★★★★★ Fille occulte Anavel
62%
★★★★★ Fille occulte Charlotte
62%
★★★★★ Chevalier dragon Chow
62%
★★★★★ Oracle Seara
62%
★★★★★ Moine bestial Kumar
60%
★★★★★ Dame de l'Enfer Raki
60%
★★★★★ Empereur des foudres Baleygr
57%
★★★★★ Roi des fées Psamathe
57%
★★★★★ Phénix Teshar
57%
★★★★★ Ifrit Theomars
57%
★★★★★ Empereur des mers Triton
57%
★★★★★ Reine du désert Bastet
55%
★★★★★ Druide Bellenus
55%
★★★★★ Roi des fées Daphnis
55%
★★★★★ Oracle Praha
55%
★★★★★ Chasseresse au fauve Savannah
55%
★★★★★ Reine du désert Sekhmet
55%
★★★★★ Pionnier Woosa
55%
★★★★★ Archange Artamiel
53%
★★★★★ Reine polaire Brandia
53%
★★★★★ Dame de l'Enfer Ethna
53%
★★★★★ Licorne Helena
53%
★★★★★ Chasseresse au fauve Masha
53%
★★★★★ Roi singe Mei Hou Wang
53%
★★★★★ Licorne Amelia
51%
★★★★★ Archange Eladriel
51%
★★★★★ Totémiste Ella
51%
★★★★★ Dragon Jamire
51%
★★★★★ Guerrier panda Mo Long
51%
★★★★★ Paladin Ophelia
51%
★★★★★ Chevalier dragon Ragdoll
51%
★★★★★ Dame de l'Enfer Beth
49%
★★★★★ Licorne Diana
49%
★★★★★ Guerrier panda Feng Yan
49%
★★★★★ Roi des fées Ganymede
49%
★★★★★ Reine du désert Isis
49%
★★★★★ Valkyrie Katarina
49%
★★★★★ Chimère Lagmaron
49%
★★★★★ Empereur des foudres Odin
49%
★★★★★ Pionnier Pungbaek
49%
★★★★★ Roi singe Shi Hou
49%
★★★★★ Chimère Taor
49%
★★★★★ Moine bestial Chandra
47%
★★★★★ Dame de l'Enfer Craka
47%
★★★★★ Moine bestial Ritesh
47%
★★★★★ Reine polaire Tiana
47%
★★★★★ Paladin Jeanne
45%
★★★★★ Oracle Laima
45%
★★★★★ Démon Lucifer
45%
★★★★★ Dragon Zerath
45%
★★★★★ Ifrit Akhamamir
43%
★★★★★ Chasseresse au fauve Barbara
43%
★★★★★ Maître d'armes Carlos
43%
★★★★★ Mage Nana
43%
★★★★★ Pionnier Woonsa
43%
★★★★★ Guerrier panda Xiong Fei
43%
★★★★★ Reine polaire Alicia
40%
★★★★★ Démon Bélial
40%
★★★★★ Oracle Giana
40%
★★★★★ Reine du désert Hathor
40%
★★★★★ Chevalier dragon Jager
40%
★★★★★ Paladin Louise
40%
★★★★★ Roi des fées Oberon
40%
★★★★★ Surfeur céleste Oliver
40%
★★★★★ Empereur de la mer Pontos
40%
★★★★★ Street Fighter V RYU
40%
★★★★★ Guerrier panda Tian Lang
40%
★★★★★ Peintre Cheongpung
38%
★★★★★ Mage Coco
38%
★★★★★ Ifrit Elsharion
38%
★★★★★ Dragon Grogen
38%
★★★★★ Ninja Han
38%
★★★★★ Paladin Joséphine
38%
★★★★★ Slayer Karnal
38%
★★★★★ Paladin Leona
38%
★★★★★ Fille occulte Lora
38%
★★★★★ Roi des fées Nyx
38%
★★★★★ Druide Taranys
38%
★★★★★ Roi singe Xing Zhe
38%
★★★★★ Chimère Zeratu
38%
★★★★★ Empereur des foudres Bolverk
36%
★★★★★ Surfeur céleste John
36%
★★★★★ Surfeur céleste Miles
36%
★★★★★ Striker Moore
36%
★★★★★ Totémiste Nora
36%
★★★★★ Druide Abellio
34%
★★★★★ Valkyrie Akroma
34%
★★★★★ Striker Douglas
34%
★★★★★ Archange Fermion
34%
★★★★★ Phénix Jaara
34%
★★★★★ Maître d'armes Liam
34%
★★★★★ Empereur de la mer Manannan
34%
★★★★★ Démon Méphisto
34%
★★★★★ Totémiste Riley
34%
★★★★★ Onmyouji Shizuka
34%
★★★★★ Dame de l'Enfer Asima
32%
★★★★★ Démon Belzébuth
32%
★★★★★ Maître d'armes Dominic
32%
★★★★★ Phénix Eludia
32%
★★★★★ Peintre Jeogun
32%
★★★★★ Mage Momo
32%
★★★★★ Chasseresse au fauve Narsha
32%
★★★★★ Roi singe Qitian Dasheng
32%
★★★★★ Ombromancien Ren
32%
★★★★★ Joueuse de harpe Vivachel
32%
★★★★★ Marionnettiste Zibala
32%
★★★★★ Cannon Girl Christina
30%
★★★★★ Peintre Haegang
30%
★★★★★ Street Fighter V KEN
30%
★★★★★ Ombromancien Minato
30%
★★★★★ Reine du désert Nephthys
30%
★★★★★ Fille occulte Nicki
30%
★★★★★ Moine bestial Rahul
30%
★★★★★ Ange de combat Sonia
30%
★★★★★ Totémiste Aaliyah
28%
★★★★★ Licorne Alexandra
28%
★★★★★ Licorne Eleanor
28%
★★★★(★) Assassin's Creed Ezio
28%
★★★★★ Gladiatrice Federica
28%
★★★★★ Vampire Julianne
28%
★★★★★ Mage Kiki
28%
★★★★★ Chimère Shan
28%
★★★★★ Agent néostone Sylvia
28%
★★★★★ Onmyouji Tomoe
28%
★★★★★ Valkyrie Trinité
28%
★★★★★ Danseur du ciel Wolyung
28%
★★★★★ Ange de combat Amber
26%
★★★★★ Joueuse de harpe Celia
26%
★★★★★ Empereur des foudres Geldnir
26%
★★★★★ Reine polaire Lydia
26%
★★★★★ Garde Macaron Manon
26%
★★★★★ Druide Pater
26%
★★★★★ Slayer Sagar
26%
★★★★★ Moine bestial Shazam
26%
★★★★★ Anubis Thebae
26%
★★★★★ Ombromancien Zen
26%
★★★★★ Princesse Pudding Adriana
23%
★★★★★ Griffes de l'ombre Bernadotte
23%
★★★★★ Grand Roi Dokkaebi Byungchul
23%
★★★★★ Vampire Cadiz
23%
★★★★★ Ange de combat Claire
23%
★★★★★ Cookie Run: Kingdom Cookie Vanille Pure
23%
★★★★★ Slayer Craig
23%
★★★★★ The Witcher Geralt
23%
★★★★★ Striker Kashmir
23%
★★★★★ Maître d'armes Maximilian
23%
★★★★★ Totémiste Maya
23%
★★★★★ Pionnier Nigong
23%
★★★★★ Marionnettiste Smicer
23%
★★★★★ Striker Talisman
23%
★★★★★ Druide Valantis
23%
★★★★★ Ange de combat Veronica
23%
★★★★★ Chasseresse au fauve Xiana
23%
★★★★★ Danseuse du ciel Yeonhong
23%
★★★★★ Hacker 51LV3R
21%
★★★★★ Guerrier du désert Ashour
21%
★★★★★ Maître d'armes Benedict
21%
★★★★★ Slayer Borgnine
21%
★★★★★ Seigneur Vampire Eirgar
21%
★★★★(★) Assassin's Creed Eivor
21%
★★★★★ Reine polaire Elenoa
21%
★★★★★ Grand Roi Dokkaebi Gapsu
21%
★★★★★ Onmyouji Giou
21%
★★★★★ Garde Macaron Giselle
21%
★★★★(★) Assassin's Creed Kassandra
21%
★★★★★ Marionnettiste Kovarci
21%
★★★★★ Guerrier panda Mi Ying
21%
★★★★★ Commandeur d'acier Patrick
21%
★★★★★ Onmyouji Seimei
21%
★★★★(★) The Witcher Yennefer
21%
★★★★★ Marionnettiste Zima
21%
★★★★★ Garde Macaron Alice
19%
★★★★★ Assassin's Creed Altaïr
19%
★★★★★ Cannon Girl Bella
19%
★★★★★ Indra Chakra
19%
★★★★★ Cookie Run: Kingdom Cookie Baie de Houx
19%
★★★★★ Surfeur céleste Daniel
19%
★★★★★ Onmyouji Douman
19%
★★★★★ Empereur des foudres Herteit
19%
★★★★★ Commandeur d'acier Lionel
19%
★★★★★ Princesse Pudding Angela
17%
★★★★★ Ange de combat Destiny
17%
★★★★★ Mage Dorothy
17%
★★★★★ Demoiselle des Enfers Irène
17%
★★★★★ Garde Macaron Jade
17%
★★★★★ Hacker K1D
17%
★★★★★ Princesse Pudding Lucia
17%
★★★★★ Grand Roi Dokkaebi Mugwang
17%
★★★★★ Peintre Mugwol
17%
★★★★★ Onimusha Ongyouki
17%
★★★★★ Indra Parjanya
17%
★★★★★ Ombromancien Ritsu
17%
★★★★★ Roi singe Son Zhang Lao
17%
★★★★(★) The Witcher Triss
17%
★★★★★ Horus Wedjat
17%
★★★★★ Hacker 7R1X
15%
★★★★(★) Assassin's Creed Bayek
15%
★★★★★ Demoiselle des Enfers Bloodya
15%
★★★★(★) The Witcher Ciri
15%
★★★★★ Grand Roi Dokkaebi Jeongnam
15%
★★★★★ Gladiatrice Kiara
15%
★★★★★ Hacker N1X
15%
★★★★★ Anges jumeaux Ramael et Judiah
15%
★★★★★ Reine des mercenaires Sigrid
15%
★★★★★ Striker Vancliffe
15%
★★★★★ Marionnettiste Zenisek
15%
★★★★★ Princesse Pudding Ariana
13%
★★★★★ Reine des mercenaires Brita
13%
★★★★★ Grand Roi Dokkaebi Euldong
13%
★★★★★ Slayer Gurkha
13%
★★★★★ Commandeur d'acier Ian
13%
★★★★★ Surfeur céleste Jackson
13%
★★★★★ Demoiselle des Enfers Layla
13%
★★★★★ Guerrier du désert Salah
13%
★★★★★ Garde Macaron Audrey
11%
★★★★★ Reine des mercenaires Berghild
11%
★★★★★ Cookie Run: Kingdom Cookie Téméraire
11%
★★★★★ Indra Dyeus
11%
★★★★★ Princesse Pudding Elena
11%
★★★★★ Peintre Hanwul
11%
★★★★★ Guerrier du désert Shahat
11%
★★★★★ Ombromancien Shun
11%
★★★★★ Guerrier Sucette Thomas
11%
★★★★★ Gardien de l'Ordre mage Valdemar
11%
★★★★★ Indra Vendhan
11%
★★★★★ Indra Devaraja
9%
★★★★★ Élémentaliste de l'Ordre mage Groa
9%
★★★★★ Demoiselle des Enfers Jessica
9%
★★★★★ Enchanteuse de l'Ordre mage Johanna
9%
★★★★★ Gardien de l'Ordre mage Magnus
9%
★★★★★ Anges jumeaux Miruel et Graciah
9%
★★★★★ Enchanteuse de l'Ordre mage Tarnisha
9%
★★★★★ Hacker 570RM
6%
★★★★★ Gladiatrice Eleni
6%
★★★★★ Gardien de l'Ordre mage Henrik
6%
★★★★★ Anges jumeaux Jaduel et Aepiah
6%
★★★★★ Anges jumeaux Karuel et Lanoah
6%
★★★★★ Demoiselle des Enfers Liliana
6%
★★★★★ Gardien de l'Ordre mage Anders
4%
★★★★★ Élémentaliste de l'Ordre mage Celestara
4%
★★★★★ Enchanteuse de l'Ordre mage Hilda
4%
★★★★★ Homunculus(Attaque)
4%
★★★★★ Homunculus (support)
4%
★★★★★ Gardien de l'Ordre mage Lars
4%
★★★★★ Anges jumeaux Sadiel et Zeryah
4%
★★★★★ Double Lame Frederic
2%
★★★★★ Street Fighter V M. BINSON
2%
★★★★★ Épéiste de l'Ordre mage Rigna
2%
★★★★★ Épéiste de l'Ordre mage Brigitta
0%
★★★★★ Élémentaliste de l'Ordre mage Enisha
0%
★★★★★ Épéiste de l'Ordre mage Tirsa
0%
Aucun quiz correspondant
Distribution des résultats
% des personnes avec chaque résultat
Percentile par nombre de réponses
Votre historique - résultats
Vous n’avez pas pris ce quiz